Bombay Shops And Establishments Act - 1948 (Record no. 419958)

MARC details
000 -LEADER
fixed length control field 00370nam a2200157Ia 4500
008 - FIXED-LENGTH DATA ELEMENTS--GENERAL INFORMATION
fixed length control field 230605s1994 xx 000 0 und d
041 ## - LANGUAGE CODE
Language code of text/sound track or separate title eng
100 ## - MAIN ENTRY--PERSONAL NAME
Personal name Labour Law Agency
245 ## - TITLE STATEMENT
Title Bombay Shops And Establishments Act - 1948
260 ## - PUBLICATION, DISTRIBUTION, ETC.
Name of publisher, distributor, etc. S.L. Dwivedi
Date of publication, distribution, etc. 1994
300 ## - PHYSICAL DESCRIPTION
Extent 151p
365 ## - TRADE PRICE
Tax rate 1 10
520 ## - SUMMARY, ETC.
Summary, etc. General
520 ## - SUMMARY, ETC.
Summary, etc. Hard Board
650 ## - SUBJECT ADDED ENTRY--TOPICAL TERM
Topical term or geographic name entry element Act.

No items available.